[Event "Barcelona Tres Peons 48th"]
[Site "Barcelona"]
[Date "2019.02.08"]
[Round "5.10"]
[White "Cortese, Andres"]
[Black "Navarro Fornos, Pere Josep"]
[Result "1-0"]
[WhiteElo "1700"]
[BlackElo "1617"]
[PlyCount "97"]
[EventDate "2019.01.11"]
[EventType "swiss"]
[EventRounds "8"]
[EventCountry "ESP"]
[SourceTitle "EXT 2024"]
[Source "ChessBase"]
[SourceDate "2023.10.10"]
[SourceVersion "1"]
[SourceVersionDate "2023.10.10"]
[SourceQuality "1"]

1. e4 e5 2. Nf3 Nc6 3. d4 exd4 4. Nxd4 d6 5. Nc3 Bd7 6. Bc4 Nf6 7. 0-0 Ne5 8. Be2 a6 9. f4 Ng6 10. a4 Be7 11. Bc4 0-0 12. h3 c5 13. Nde2 Bc6 14. Ng3 b5 15. axb5 axb5 16. Rxa8 Qxa8 17. Bxb5 Bxe4 18. Ngxe4 Nxe4 19. Nd5 Bh4 20. Ne3 Qb7 21. Bc4 Ng3 22. Rf3 Qb4 23. c3 Qb8 24. Kh2 Ne4 25. Nf5 Bf6 26. Bd5 Re8 27. Re3 Nf2 28. Qf3 Rxe3 29. Qxe3 Nd1 30. Qd2 Qc8 31. Nxd6 Qc7 32. Qxd1 Kf8 33. Ne4 Nxf4 34. Bxf4 Qxf4+ 35. g3 Qf5 36. Kg2 Be5 37. Qf3 Qd7 38. Ng5 f6 39. Ne6+ Ke7 40. Nxg7 Qa4 41. Nf5+ Kd8 42. Qd3 Kc7 43. Ng7 Qa1 44. Ne6+ Kd6 45. Bb3+ Ke7 46. Qd8+ Kf7 47. Qf8+ Kg6 48. Bc2+ Kh5 49. g4+ 1-0